000 00270nam a22001217a 4500
008 190305b xxu||||| |||| 00| 0 eng d
041 _aeng
080 _24th
_a371
100 _a46
101 _aEDU
245 _aModern English Handbook
_cGorrell,R.M
942 _2udc
_cBK
999 _c54551
_d54551